Cinéastes français - Statistiques

Statistiques générales
  • Ce quiz a été pris 31 fois
  • Le résultat moyen est 28 sur 68
Statistiques - réponses
Par images Hint Réponse % Correct
Un homme et une femme Claude Lelouch
81%
Le grand bleu Luc Besson
81%
Hiroshima mon amour Alain Resnais
78%
Les valseuses Bertrand Blier
78%
Rien à déclarer Dany Boon
78%
A bout de souffle Jean-Luc Godard
78%
L'auberge espagnole Cédric Klapisch
70%
Z Costa-Gavras
70%
La nuit américaine François Truffaut
70%
Mon oncle Jacques Tati
70%
Marche à l'ombre Michel Blanc
70%
Le boucher Claude Chabrol
67%
Un prophète Jacques Audiard
67%
Coup de torchon Bertrand Tavernier
63%
Le corniaud Gérard Oury
63%
Les demoiselles de Rochefort Jacques Demy
63%
Chinatown Roman Polanski
63%
Les choses de la vie Claude Sautet
56%
Orphée Jean Cocteau
56%
Sept ans au Tibet Jean-Jacques Annaud
56%
Liberté égalité choucroute Jean Yanne
56%
Au revoir les enfants Louis Malle
56%
Tchao Pantin Claude Berri
52%
L'aile ou la cuisse Claude Zidi
52%
Un drôle de paroissien Jean-Pierre Mocky
52%
Les enfants du paradis Marcel Carné
52%
Sous le soleil de Satan Maurice Pialat
52%
Les bronzés Patrice Leconte
52%
Le dîner de cons Francis Veber
48%
Potiche François Ozon
48%
Le cercle rouge Jean-Pierre Melville
48%
Et Dieu créa la femme Roger Vadim
48%
Océans Jacques Perrin
44%
Les visiteurs Jean-Marie Poiré
44%
Napoléon Abel Gance
41%
Le corbeau Henri Georges Clouzot
41%
L'homme de Rio Philippe de Broca
41%
La grande illusion Jean Renoir
37%
Le Cri du cormoran le soir au-dessus des jonques Michel Audiard
37%
Le vieux fusil Robert Enrico
37%
Le château de ma mère Yves Robert
37%
Garde à vue Claude Miller
33%
Ma nuit chez Maud Eric Rohmer
33%
Le professionnel Georges Lautner
33%
Dupont Lajoie Yves Boisset
33%
Le clan des Siciliens Henri Verneuil
30%
La piscine Jacques Deray
30%
Cyrano de Bergerac Jean-Paul Rappeneau
30%
Casque d'or Jacques Becker
22%
Jeux interdits René Clement
22%
Journal d'un curé de campagne Robert Bresson
22%
Hôtel des Amériques André Téchiné
19%
Pépé le Moko Julien Duvivier
15%
Fantômas André Hunebelle
11%
Un sac de billes Jacques Doillon
11%
La soupe aux choux Jean Girault
11%
La haine Mathieu Kassovits
11%
La beauté du diable René Clair
11%
Autant en emporte le vent Claude Autant-Lara
7%
Hibernatus Edouard Molinaro
7%
Le petit baigneur Robert Dhéry
7%
Les vieux de la vieille Gilles Grangier
4%
Le mur de l'Atlantique Marcel Camus
4%
Le mystère de la chambre jaune Marcel L'Herbier
4%
Les orgueilleux Yves Allégret
4%
Mourir d'aimer André Cayatte
0%
Le baron de l'écluse Jean Delannoy
0%
Sois belle et tais-toi Marc Allégret
0%
Aucun quiz correspondant
Distribution des résultats
% des personnes avec chaque résultat
Percentile par nombre de réponses
Votre historique - résultats
Vous n’avez pas pris ce quiz